000 00289nam a2200109Ia 4500
001 1263873
005 20260417141927.0
008 260417s9999 xx 000 0 und d
020 _a9786257854535
245 0 _aKayıp Ülkenin İzinde
_cAhmet Hamdi Tanpınar
260 _bKetebe Yayınları
999 _c1263873
_d1263873